书目信息 |
| 题名: |
水产动物营养与饲料配方
|
|
| 作者: | 侯永清 主编 | |
| 分册: | ||
| 出版信息: | 汉口 湖北科学技术出版社 2001.07 |
|
| 页数: | 323页 | |
| 开本: | 21cm | |
| 丛书名: | ||
| 单 册: | ||
| 中图分类: | S963 | |
| 科图分类: | ||
| 主题词: | 水产养殖--技术 | |
| 电子资源: | ||
| ISBN: | 7-5352-2715-5 | |
| 000 | 00606nam0 2200193 450 | |
| 001 | 1555893003 | |
| 005 | 20151222153240.87 | |
| 010 | @a7-5352-2715-5@dCNY24.00 | |
| 100 | @a20151222d2001 km y0chiy0120 ea | |
| 101 | 0 | @achi |
| 102 | @aCN | |
| 200 | 1 | @a水产动物营养与饲料配方@Ashui chan dong wu ying yang yu si liao pei fang@f侯永清主编@Fhou yong qing zhu bian |
| 210 | @a汉口@c湖北科学技术出版社@d2001.07 | |
| 215 | @a323页@d21cm | |
| 606 | 0 | @a水产养殖@x技术 |
| 690 | @aS963@v4 | |
| 701 | 0 | @a侯永清@Ahou yong qing@4主编 |
| 801 | 0 | @aCN@b大连网信软件有限公司图书馆·11@c20151222 |
| 905 | @aZUCC@dS963@eH436 | |
| 水产动物营养与饲料配方/侯永清主编.-汉口:湖北科学技术出版社,2001.07 |
| 323页;21cm |
| ISBN 7-5352-2715-5:CNY24.00 |
| ● |
| 相关链接 |
|
|
|
正题名:水产动物营养与饲料配方
索取号:S963/H436
 
预约/预借
| 序号 | 登录号 | 条形码 | 馆藏地/架位号 | 状态 | 备注 |
| 1 | 1235341 | 212353415 | 生命科学与工程学院资料室/ [索取号:S963/H436] | 在馆 |